NewJeans Members - Statistiques

Statistiques générales
  • Ce quiz a été pris 216 fois
  • Le résultat moyen est 4 sur 5
Statistiques - réponses
Par images Réponse % Correct
Danielle
92%
Hanni
87%
Minji
87%
Haerin
85%
Hyein
84%
Aucun quiz correspondant
Distribution des résultats
% des personnes avec chaque résultat
Percentile par nombre de réponses
Votre historique - résultats
Vous n’avez pas pris ce quiz